00433 2200169 4500001002100000008004100021035002000062245005900082100002000141250000600161260003600167300001200203084001400215082000800229650001400237990001200251INLIS000000000001121 ind  a0010-0524000356 aPesan - Pesan Moral Tokoh - Tokoh SuficAchmad Sunarto aSunarto, Achmad a1 aRembang :bPustaka Anisahc2004 a192 hlm a200 ACH p a200 aNon Fiksi a0744099